Weaponry in space (Record no. 134432)

MARC details
000 -LEADER
campo de control de longitud fija 00872nam a2200265 i 4500
001 - NÚMERO DE CONTROL
campo de control 134432
003 - IDENTIFICADOR DE NÚMERO DE CONTROL
campo de control ES-MaACL
005 - FECHA Y HORA DE LA ÚLTIMA TRANSACCIÓN
campo de control 20230906194654.0
007 - CAMPO FIJO DE DESCRIPCIÓN FÍSICA--INFORMACIÓN GENERAL
campo de control de longitud fija t|
008 - DATOS DE LONGITUD FIJA--INFORMACIÓN GENERAL
campo de control de longitud fija 070910s1986 xxr ||||1| eng d
080 ## - NÚMERO DE LA CLASIFICACIÓN DECIMAL UNIVERSAL
Número de la Clasificación Decimal Universal 623.46
080 ## - NÚMERO DE LA CLASIFICACIÓN DECIMAL UNIVERSAL
Número de la Clasificación Decimal Universal 355.02
080 ## - NÚMERO DE LA CLASIFICACIÓN DECIMAL UNIVERSAL
Número de la Clasificación Decimal Universal 355.02(47+57)
245 00 - MENCIÓN DEL TÍTULO
Título Weaponry in space
Resto del título : the dilemma of security /
Mención de responsabilidad, etc. edited by Yevgeni Velikhov, Roald Sagdeev, Andrei Kokoshin ; [translated into English by Alexander Repyev].
260 ## - PUBLICACIÓN, DISTRIBUCIÓN, ETC.
Lugar de publicación, distribución, etc. Moscow :
Nombre del editor, distribuidor, etc. Mir,
Fecha de publicación, distribución, etc. [1986]
300 ## - DESCRIPCIÓN FÍSICA
Extensión 147 p. ;
Dimensiones 22 cm.
650 14 - PUNTO DE ACCESO ADICIONAL DE MATERIA--TÉRMINO DE MATERIA
Término de materia o nombre geográfico como elemento de entrada Armas espaciales.
9 (RLIN) 9969
650 14 - PUNTO DE ACCESO ADICIONAL DE MATERIA--TÉRMINO DE MATERIA
Término de materia o nombre geográfico como elemento de entrada Defensa nacional.
9 (RLIN) 11546
651 #4 - PUNTO DE ACCESO ADICIONAL DE MATERIA--NOMBRE GEOGRÁFICO
Nombre geográfico URSS-
Subdivisión general Política militar.
9 (RLIN) 9480
700 1# - ENTRADA AGREGADA--NOMBRE PERSONAL
Nombre de persona Velijov, Evgueniï Pavlovich.
9 (RLIN) 113838
700 1# - ENTRADA AGREGADA--NOMBRE PERSONAL
Nombre de persona Sagdeev, R. Z.
9 (RLIN) 101431
700 1# - ENTRADA AGREGADA--NOMBRE PERSONAL
Nombre de persona Kokoshkin, Andreï Afanas'evich.
9 (RLIN) 68504
700 1# - ENTRADA AGREGADA--NOMBRE PERSONAL
Nombre de persona Repyev, Alexander.
9 (RLIN) 96278
852 ## - LOCALIZACIÓN
Ubicación ES-MaACL
Número de control de estantería G-2999
Holdings
Estatus retirado Estado de pérdida Estado de daño No para préstamo Biblioteca de origen Biblioteca actual Ubicación en estantería Fecha de adquisición Fuente de adquisición Total de préstamos Signatura topográfica completa Código de barras Visto por última vez Precio de reemplazo Tipo de ítem Koha
        Biblioteca del Ateneo de Madrid Biblioteca del Ateneo de Madrid Depósito 2 17/01/2008     G-2999 1139929 23/02/2023 23/02/2023 Libro impreso